LEADER 01228nam a2200289 i 4500 001 000000041663 003 CaOOAMICUS 005 20131003000000.0 008 131003s1994 it u000 u ita u 013 $a12833 020 $a88-399-0727-0 040 $aSeMil$bita 100 1 $aJeanrond, Werner G.$0(OLS)http://semarc/name/20532 240 10$aTheological hermeneutics :$bdevelopment and significance.$0(OLS)http://semarc/title/434083 245 12$aL'ermeneutica teologica :$bsviluppo e significato /$cWerner G. Jeanrond. 260 $aBrescia :$bQueriniana,$ccopyr. 1994. 300 $a334 p. ;$c20 cm. 490 0 $aGiornale di teologia ;$v227 500 $aContiene : Bibliografia. 650 4$aErmeneutica teologica.$0(OLS)http://semarc/subject/5750 830 0$aGiornale di teologia ;$v227.$0(OLS)http://semarc/title/419620 850 $aSeMil 852 $aSeMil$W1$xVenegono$y1$m2M III 627$j7818$B7818$CSeMilBibl$Z2$F7818 $81 961 $aOmaggio: Scuola Cattolica 996 $6020$a88-399-0727-0$9(OLS)http://semarc/number/12571 996 $6245$aL'ermeneutica teologica :$bsviluppo e significato$9(OLS)http://semarc/title/60420 996 $6260$aBrescia :$bQueriniana$9(OLS)http://semarc/publisher/29615 LEADER 00777nam a2200205 i 4500 001 000000233142 003 CaOOAMICUS 005 20140916000000.0 008 140916s1736 it u000 u fre u 013 $a212045 026 $a5440 e-eu s,le Dice (3) 1736 (R) 040 $aSeMil$bita 245 10$aTome 1. 300 $a[6], 580 p. 773 0 $tReflexions morales et chrétiennes sur la Concorde des Evangiles. Tome 1. [-4.].$dA Paris : Chez Jean-Baptiste Delespine, Imprimeur-Libraire ordinaire du Roy, ruë Saint Jacques, ŕ Saint Paul, 1736.$g1$w()30530 850 $aSeMil 852 $aSeMil$W1$xVenegono$y1$m2Y I 108 FA$j183488$B183488$CSeMilBibl$Z2$F194289 $8I 941 1 $a10 961 $aRecupero: Mantegazza 996 $6245$aTome 1$9(OLS)http://semarc/title/1447